000
00264 a2200085 4500
020
_a
9781568985633
100
_a
Blaine Brownell
245
_a
Transmaterial: A Catalog of Materials that Redefine our Physical Environment
260
_b
Princeton Architectural Press
_c
2006
999
_c
13311
_d
13311